| 000 | 00460nam a22001457a 4500 | ||
|---|---|---|---|
| 003 | SGT | ||
| 082 |
_a617.96 _bA21D |
||
| 100 | _aDHASMANA, VISHAKHA | ||
| 245 | _aA STUDY TO COMPARE THE EFFECT OF THREE DIFFERENT DOSES OF INTRAVENOUS DEXMEDETOMIDINE FOR ATTENUATION OF PRESSOR RESPONSE DURING LARYNGOSCOPY AND ENDOTRACHEAL INTUBATION | ||
| 260 |
_aGURUGRAM _bSGT UNIVERSITY _c2021 |
||
| 300 | _a100 | ||
| 650 | _aANAESTHESIA | ||
| 653 | _aM.D | ||
| 942 |
_2ddc _cTH |
||
| 999 |
_c26569 _d26569 |
||